000
00286nam a2200109Ia 4500
008
220204s9999 xx 000 0 und d
082
_a
911.2
_b
MON
100
_a
Monkhouse, F J
245
0
_a
Priniciples of physical geography
260
_a
London
_b
Hodder and Stoughton
_c
1975
942
_c
BK
999
_c
25533
_d
25533